LAW RELATING TO SOCIO- ECONOMICS OFFENCES (Record no. 23071)

MARC details
000 -LEADER
fixed length control field 00352nam a22001457a 4500
003 - CONTROL NUMBER IDENTIFIER
control field SGT
020 ## - INTERNATIONAL STANDARD BOOK NUMBER
International Standard Book Number 9789386456472
082 ## - DEWEY DECIMAL CLASSIFICATION NUMBER
Classification number 344
Item number KHA
100 ## - MAIN ENTRY--PERSONAL NAME
Personal name KHAN, NUZHAT PARVEEN KHAN
245 ## - TITLE STATEMENT
Title LAW RELATING TO SOCIO- ECONOMICS OFFENCES
250 ## - EDITION STATEMENT
Edition statement 1
260 ## - PUBLICATION, DISTRIBUTION, ETC. (IMPRINT)
Place of publication, distribution, etc ALLAHABAD
Name of publisher, distributor, etc CENTRAL LAW AGENCY
Year of Publication 2018
300 ## - PAGE DESCRIPTION
No. of Pages XXVIII ,676
942 ## - ADDED ENTRY ELEMENTS (KOHA)
Source of classification or shelving scheme Dewey Decimal Classification
Koha item type Books
942 ## - ADDED ENTRY ELEMENTS (KOHA)
-- 7
Holdings
Withdrawn status Lost status Source of classification or shelving scheme Damaged status Not for loan Collection code Home library Current library Shelving location Date acquired Vendor Name Cost, normal purchase price SGTU Bill Number Total Checkouts Full call number Accession No. (Barcode) Date last seen Date last borrowed Bill Date Koha item type
    Dewey Decimal Classification     LAW SGT Science & Social Sciences Library SGT Science & Social Sciences Library Text Book 01/08/2022 AHUJA BOOK COMPANY 540.00 SGTU 14697 1 344 KHA FL2895 26/03/2025 26/03/2025 30/06/2022 Books
    Dewey Decimal Classification     LAW SGT Science & Social Sciences Library SGT Science & Social Sciences Library Text Book 01/08/2022 AHUJA BOOK COMPANY 540.00 SGTU 14697 7 344 KHA FL2896 12/03/2026 12/02/2026 30/06/2022 Books